Child Development (Record no. 16738)
[ view plain ]
| 000 -LEADER | |
|---|---|
| fixed length control field | 00541nam a22002057a 4500 |
| 003 - CONTROL NUMBER IDENTIFIER | |
| control field | OSt |
| 005 - DATE AND TIME OF LATEST TRANSACTION | |
| control field | 20180320164709.0 |
| 008 - FIXED-LENGTH DATA ELEMENTS--GENERAL INFORMATION | |
| fixed length control field | 180320b xxu||||| |||| 00| 0 eng d |
| 020 ## - INTERNATIONAL STANDARD BOOK NUMBER | |
| International Standard Book Number | 9966010450 |
| 040 ## - CATALOGING SOURCE | |
| Transcribing agency | KABU |
| 050 ## - LIBRARY OF CONGRESS CALL NUMBER | |
| Classification number | BF 721 |
| Item number | .K33 2007 C.1 |
| 100 ## - MAIN ENTRY--PERSONAL NAME | |
| Personal name | Kabiru, Margaret |
| 245 ## - TITLE STATEMENT | |
| Title | Child Development |
| Statement of responsibility, etc. | Margaret Kabiru and Anne Njenga |
| 260 ## - PUBLICATION, DISTRIBUTION, ETC. (IMPRINT) | |
| Place of publication, distribution, etc. | Nairobi |
| Name of publisher, distributor, etc. | Focus Publishers ltd |
| Date of publication, distribution, etc. | 2007 |
| 300 ## - PHYSICAL DESCRIPTION | |
| Extent | ix, 390p. |
| 650 ## - SUBJECT ADDED ENTRY--TOPICAL TERM | |
| Topical term or geographic name as entry element | Child development |
| 650 ## - SUBJECT ADDED ENTRY--TOPICAL TERM | |
| Topical term or geographic name as entry element | Child phychology |
| 700 ## - ADDED ENTRY--PERSONAL NAME | |
| Personal name | Anne Njenga |
| 942 ## - ADDED ENTRY ELEMENTS (KOHA) | |
| Source of classification or shelving scheme | Library of Congress Classification |
| Koha item type | General Collection |
| Withdrawn status | Lost status | Source of classification or shelving scheme | Not for loan | Home library | Current library | Date acquired | Cost, normal purchase price | Inventory number | Total Checkouts | Full call number | Barcode | Date last seen | Date last checked out | Copy number | Price effective from | Koha item type | Total Renewals |
|---|---|---|---|---|---|---|---|---|---|---|---|---|---|---|---|---|---|
| Library of Congress Classification | Kabarak, Main Campus | Kabarak, Main Campus | 20/03/2018 | 870.00 | 2018/0272 | 2 | BF 721 .K33 2007 C.1 | 024034 | 02/08/2024 | 10/02/2020 | C. 1 | 20/03/2018 | General Collection | ||||
| Library of Congress Classification | Kabarak, Main Campus | Kabarak, Main Campus | 20/03/2018 | 870.00 | 2018/0273 | 1 | BF 721 .K33 2007 C.2 | 024035 | 02/08/2024 | 14/05/2018 | C. 2 | 20/03/2018 | General Collection | ||||
| Library of Congress Classification | Kabarak, Main Campus | Kabarak, Main Campus | 20/03/2018 | 870.00 | 2018/0274 | 1 | BF 721 .K33 2007 C.3 | 024036 | 02/08/2024 | 14/04/2018 | C. 3 | 20/03/2018 | General Collection | 1 | |||
| Library of Congress Classification | Kabarak, Main Campus | Kabarak, Main Campus | 14/09/2018 | 870.00 | 2018/0274 | 4 | BF 721 .K33 2007 C. 4 | 022096 | 23/01/2025 | 21/11/2024 | C. 4 | 14/09/2018 | General Collection | 2 |